000 00385 a2200145 4500
005 20250629093815.0
020 _a0078303974
082 _a658.8 SCH
100 _aSCHNEIDER,L.F.
245 _aMarketing Essentials
260 _aNew York.
_bMc Graw Hill,
_c2003.
300 _axxvii,771p.:ill.,figure,pictures,tables
_bindex.
_c27cm.
700 _aKIMBRELL,G & WOLOSZYK
942 _2ddc
_cBKS
999 _c6232
_d6232